Chuyển đến nội dung

Физика. Ч. I. Механика. Механические колебания и волны. Молекулярная физика и термодинамика учебное пособие

В учебном пособии изложены все разделы курса физической механики; рассмотрены механические колебания и волны; даны разъяснения основных законов и явлений молекулярной физики и термодинамики....

Mô tả đầy đủ

Đã lưu trong:
Chi tiết về thư mục
Tác giả chính: Кузнецов С. И.
Tác giả khác: Подзеева Э. В.
Định dạng: Книга
Ngôn ngữ:Russian
Được phát hành: Томск ТПУ 2010
Phiên bản:3-е изд.
Truy cập trực tuyến:http://e.lanbook.com/books/element.php?pl1_cid=25&pl1_id=10285
https://e.lanbook.com/img/cover/book/10285.jpg
Các nhãn: Thêm thẻ
Không có thẻ, Là người đầu tiên thẻ bản ghi này!
LEADER 01702nam0a2200289 i 4500
001 10285
003 RuSpLAN
005 20221220173902.0
008 221220s2010 ru gs 000 0 rus
040 |a RuSpLAN 
041 0 |a rus 
044 |a ru 
080 |a 53(075.8) 
084 |a 22.3я73  |2 rubbk 
245 0 0 |a Физика. Ч. I. Механика. Механические колебания и волны. Молекулярная физика и термодинамика  |b учебное пособие  |c Кузнецов С. И.,Подзеева Э. В. 
250 |a 3-е изд. 
260 |a Томск  |b ТПУ  |c 2010 
300 |a 180 с. 
500 |a Рекомендовано в качестве учебного пособия Редакционно-издательским советом Томского политехнического университета 
504 |a Библиогр.: доступна в карточке книги, на сайте ЭБС Лань 
520 8 |a В учебном пособии изложены все разделы курса физической механики; рассмотрены механические колебания и волны; даны разъяснения основных законов и явлений молекулярной физики и термодинамики. 
521 8 |a Книга из коллекции ТПУ - Физика 
100 1 |a Кузнецов С. И. 
700 1 |a Подзеева Э. В. 
856 4 |u http://e.lanbook.com/books/element.php?pl1_cid=25&pl1_id=10285 
856 4 8 |u https://e.lanbook.com/img/cover/book/10285.jpg 
953 |a https://e.lanbook.com/img/cover/book/10285.jpg